Giới thiệu kỹ thuật nuôi chim yến lấy tổ

Đã lưu trong:
书目详细资料
主要作者: Nguyễn, Khoa Diệu Thu
格式: 图书
语言:Undetermined
出版: Hà Nội Nhà xuất bản Hà Nội 2004
主题:
标签: 添加标签
没有标签, 成为第一个标记此记录!
Thư viện lưu trữ: Trung tâm Học liệu Trường Đại học Cần Thơ
LEADER 00594nam a2200193Ia 4500
001 CTU_96065
008 210402s9999 xx 000 0 und d
020 |c 28000 
082 |a 636.6862 
082 |b Th500 
100 |a Nguyễn, Khoa Diệu Thu 
245 0 |a Giới thiệu kỹ thuật nuôi chim yến lấy tổ 
245 0 |c Nguyễn Khoa Diệu Thu 
260 |a Hà Nội 
260 |b Nhà xuất bản Hà Nội 
260 |c 2004 
650 |a Finches,Birds, ornamental 
904 |i M.Loan 
980 |a Trung tâm Học liệu Trường Đại học Cần Thơ